000 00649nam a2200205 a 4500
003 PILC
005 20150112093440.0
008 100727s19uu xx 00 eng d
020 _a9715540775
050 _aHA 29
_b.D39 1992
082 _aMSFf 519.5
_bP14 1978
100 _aDe Leon, Cynthia R. Guerrero
_918373
245 _aFundamental statistics for college Students /
_cCynthia R. Guerrero ... [et.al.]
260 _aManila, Philippines :
_bSinag-tala Publishers, Inc,
_c1992.
300 _a314 pages :
_c19 cm.
650 _aStatistics
_91628
700 _aGarcia, George
_918374
700 _aPagoso, Cristobal M.
_918375
942 _2lcc
_cBK
999 _c14721
_d14721